Largest Cities - Extreme Sudden Death - Statistics

General Stats
  • This quiz has been taken 200 times
    198 since last reset
  • The average score is 6 of 54
Answers on the Grid
Answers color-coded by a green-red scale on the quiz's grid according to % correct below.
Abu Dhabi
Abuja
Accra
Aden
Aleppo
Almaty
Astana
Asuncion
Baghdad
Bangalore
Barcelona
Beijing
Belgrade
Berlin
Bogota
Brisbane
Brussels
Bucharest
Cape Town
Caracas
Casablanca
Chattogram
Chicago
Cochabamba
Colombo
Dallas
Damascus
Dar es Salaam
Davao
Delhi
Dhaka
Dodoma
Durban
Durres
Freetown
Gaborone
Glasgow
Guayaquil
Hamburg
Harare
Helsinki
Ho Chi Minh City
Hyderabad
Istanbul
Jakarta
Jeddah
Johannesburg
Kampala
Kano
Karachi
Kaunas
Kharkiv
Krakow
Kumasi
La Paz
Lagos
Lahore
Lima
Lisbon
London
Lusaka
Madrid
Manama
Maputo
Mashhad
Milan
Montreal
Mosul
Muscat
New York
Niamey
Nizhny Novgorod
Novi Sad
Odesa
Osaka
Oslo
Porto
Puebla
Quito
Rabat
Riyadh
Rome
Saint Petersburg
Salalah
San Jose
Sana'a
Santa Cruz de la Sierra
Sao Paulo
Savannakhet
Seoul
Sri Jayawardanapura Kotte
Sydney
Taichung
Tampere
Tehran
Tel Aviv
The Hague
Tijuana
Tirana
Tokyo
Toronto
Tripoli
Tunis
Vancouver
Vientiane
Yangon
Yaounde
Zurich
 
Answer Stats
Answer % Correct
Baghdad
50%
Belgrade
46%
Berlin
30%
Asuncion
28%
Tokyo
26%
Bogota
24%
Caracas
20%
Istanbul
20%
Almaty
17%
Lagos
17%
New York
17%
Sydney
17%
Bucharest
15%
Oslo
15%
Rome
15%
Sao Paulo
15%
Seoul
15%
Aleppo
13%
Dar es Salaam
13%
London
13%
Toronto
13%
Jakarta
11%
Lima
11%
Zurich
11%
Colombo
9%
Harare
9%
Ho Chi Minh City
9%
Johannesburg
9%
Kampala
9%
Madrid
9%
Tehran
9%
Tunis
9%
Casablanca
7%
Karachi
7%
Lisbon
7%
Maputo
7%
Riyadh
7%
Tirana
7%
Tripoli
7%
Dhaka
4%
Freetown
4%
Gaborone
4%
Helsinki
4%
Sana'a
4%
San Jose
4%
Vientiane
4%
Guayaquil
2%
Lusaka
2%
Manama
2%
Muscat
2%
Niamey
2%
Yangon
2%
Kumasi
0%
Santa Cruz de la Sierra
0%
No matching quizzes found
Score Distribution
Percent of People with Each Score
Percentile by Number Answered
Your Score History
You have not taken this quiz since the last reset